|
|
|
|
| LEADER |
01091nam a2200265 a 4500 |
| 001 |
GR-MES12713 |
| 008 |
070709s gr b 001 0 gre d |
| 020 |
|
|
|a 0736003207
|
| 040 |
|
|
|a GrPaTEI
|b gre
|c GR-PaULI
|
| 040 |
|
|
|a GrPaTEI
|b gre
|c GR-PaULI
|
| 082 |
|
0 |
|a 659.297 96
|2 21
|
| 100 |
1 |
|
|a Irwin, Richard L.
|
| 245 |
1 |
0 |
|a Sport promotion and sales management /
|c Richard L. Irwin / William A. Sutton / Larry M. McCarthy.
|
| 260 |
|
|
|a Champaign,IL. :
|b Human Kinetics,
|c 2002
|
| 300 |
|
|
|a xiii
|a 457σ. :
|b εικ. ;
|c 29εκ.
|
| 504 |
|
|
|a Περιλαμβάνει βιβλιογραφίες και ευρετήριο.
|
| 650 |
|
0 |
|a Sports
|x marketing
|
| 650 |
|
0 |
|a Sports
|x Public relations
|
| 650 |
|
4 |
|a ΑΘΛΗΤΙΣΜΟΣ
|
| 700 |
1 |
|
|a McCarthy, Larry M.
|
| 700 |
1 |
|
|a Sutton, William
|
| 942 |
|
|
|2 ddc
|
| 952 |
|
|
|0 0
|1 0
|2 ddc
|4 0
|6 659_297000000000000_96_IRW
|7 0
|9 271295
|a MSLG
|b MSLG
|c BSC
|d 2021-01-17
|e 24
|f 0
|g 0.00
|l 0
|o 659.297 96 IRW
|p 2420000022087
|r 2021-01-17 00:00:00
|t 1
|w 2021-01-17
|y BK15
|x 20070709 0 ΜΑΤΣΙΩΡΗ 1
|x GrPaTEI
|
| 971 |
|
|
|a .b25787603
|b 15-04-20
|c 13-09-16
|
| 999 |
|
|
|c 156682
|d 156682
|